Most Successful Manchester United Managers - Statistics

General Stats
  • This quiz has been taken 105 times
    70 since last reset
  • The average score is 2 of 13
Answer Stats
Manager Leagues FA Cups/League Cups/Community Shields Champions League/Europa Leagues/Super Cups/ European Cup Winners Cups Club World Cups/Intercontinental Cups Total Trophies % Correct
Sir Alex Ferguson 13 1st Divisions/ Premier Leagues 5 FA, 4 League, 10 Community Shields 2 UCL, 1 ECWC, 1 SC 1 CWC, 1 IC 38
100%
Jose Mourinho 0 1 League, 1 Community Shield 1 EL 0 3
24%
Erik Ten Hag 0 1 League Cup 0 0 1
12%
Louis van Gaal 0 1 FA Cup 0 0 1
10%
David Moyes 0 1 Community Shield 0 0 1
7%
Ron Atkinson 0 1 FA, 1 Community Shield 0 0 1
3%
Ernest Mangnall 2 1st Divisions 1 FA Cup, 2 Community Shields 0 0 5
1%
Wilf McGuinness 1 1st Division 2 Community Sheilds 0 0 3
1%
Dave Sexton 0 1 Community Shield 0 0 1
0%
Jimmy Murphy 5 1st Divisions 2 FA Cups, 5 Community Shields 0 0 12
0%
Scott Duncan 1 2nd Division 0 0 0 1
0%
Sir Matt Busbty 5 1st Divisions 2 FA, 5 Community Shields 1 European Cup 0 13
0%
Tommy Docherty 1 2nd Division 1 FA Cup 0 0 1
0%
No matching quizzes found
Score Distribution
Percent of People with Each Score
Percentile by Number Answered
Your Score History
You have not taken this quiz since the last reset